000 00771nam a2200217Ia 4500
003 GCL
008 140319s9999 xx 000 0 ara d
040 _aGCL /
_cGCL
082 0 4 _a938
_bع ت
100 1 _aعبداللطيف احمد على
245 1 0 _aالتاريخ اليونانى : العصر الهللادى ( 1 - 2 ) /
_cعبداللطيف احمد على
250 _aالاولى
260 _aبيروت :
_bدار النهضة العربية للطباعة والنشر ،
_c1971
300 _a851 ص ؛
_c24 سم
650 0 4 _aالحضارة الاغريقية
650 0 4 _aالاساطير اليونانية
650 0 4 _aالعصر الهلينى
650 0 4 _aالهلينية
650 0 4 _aاليونان - تاريخ
942 _2ddc
_cBK
999 _c39049
_d39049